MTV's The Real World Cast - Statistics

General Stats
  • This quiz has been taken 557 times
  • The average score is 81 of 209
Answer Stats
Season Answer % Correct
San Francisco Jo
94%
Key West John
93%
Portland Johnny
93%
Los Angeles Jon
93%
Las Vegas | London Michael
81%
Back to New York | Miami | Washington, D.C. Mike
81%
Las Vegas | San Diego Frank
77%
San Diego Frankie
77%
Brooklyn | Hollywood | Philadelphia Sarah
73%
Paris CT
70%
Las Vegas Heather C.
69%
Miami Dan
68%
Austin | New Orleans Danny
68%
New York Heather
67%
Las Vegas Heather M.
67%
Key West Paula
65%
Key West | San Diego Zach
65%
St. Thomas Robb
64%
Austin Wes
64%
Las Vegas | Paris Adam
62%
Denver Jenn
61%
Las Vegas Nany
59%
Washington, D.C. Ty
59%
New Orleans | New York Eric
58%
Portland Jordan
58%
New Orleans Ryan K.
58%
New Orleans Ashlee
57%
San Diego | Washington, D.C. Ashley
57%
Sydney Ashli
56%
Back to New York Coral
56%
Las Vegas Dustin
56%
Austin | Back to New York | San Francisco Rachel
56%
Las Vegas Trishelle
56%
Portland Jessica
55%
New Orleans Kelley
55%
Los Angeles Beth A.
53%
Los Angeles Beth S.
53%
San Diego Brad
52%
Chicago Chris
51%
Hollywood | Los Angeles | New Orleans | Seattle David
51%
Portland Nia
51%
Hawaii Ruthie
51%
San Diego Sam
51%
London Kat
50%
Chicago Aneesa
49%
Portland Averey
49%
Miami Joe
48%
Key West Tyler
48%
Brooklyn Chet
47%
Hollywood Joey
47%
Cancun Jonna
47%
Las Vegas Leroy
47%
Austin Melinda
47%
San Francisco Puck
46%
Cancun Emilee
45%
Washington, D.C. Emily
45%
Cancun Jasmine
45%
Las Vegas Alton
44%
New Orleans | San Diego Jamie
44%
New Orleans Jemmye
44%
Austin Johanna
44%
St. Thomas Marie
44%
San Diego Nate
44%
Seattle Nathan
44%
Brooklyn Ryan
44%
New Orleans Ryan L.
44%
San Diego Robin
43%
New York Andre
41%
Chicago Cara
41%
Sydney Dunbar
41%
Philadelphia Landon
41%
Denver | Seattle Stephen
41%
New Orleans | New York Julie
40%
St. Thomas Brandon K.
39%
St. Thomas Brandon S.
39%
Cancun Derek
39%
St. Thomas Laura
39%
Brooklyn Devyn
38%
San Francisco Pedro
38%
Brooklyn JD
37%
Portland Marlon
37%
Paris Ace
36%
Sydney Cohutta
36%
Las Vegas Steven
35%
Cancun CJ
34%
Denver Alex
33%
San Diego Alexandra
33%
Portland Anastasia
33%
Denver Davis
33%
Sydney KellyAnne
33%
Austin Nehemiah
33%
Key West Svetlana
33%
Boston Syrus
33%
Hawaii Tecumshea
33%
Chicago Tonya
33%
Hollywood William
33%
Miami | New Orleans Melissa
32%
Hollywood Nick
32%
Philadelphia MJ
31%
Miami Sarah
31%
Denver Tyrie
31%
Back to New York | New York Kevin
30%
Austin Lacey
30%
Las Vegas Naomi
30%
New Orleans Preston
30%
Philadelphia Willie
30%
Brooklyn Katelynn
29%
Hawaii | New Orleans Matt
29%
St. Thomas Trey
29%
St. Thomas LaToya
28%
Boston Montana
28%
Back to New York Nicole
28%
Sydney Shauvon
28%
Washington, D.C. Andrew
27%
Los Angeles | Seattle Irene
27%
Boston Sean
27%
Los Angeles Tami
27%
Paris Christina
26%
Boston Genesis
26%
Hollywood Kimberly
26%
San Diego Cameran
25%
San Francisco Cory
25%
Key West Janelle
25%
Paris Mallory
25%
Hawaii Amaya
24%
Denver Brooke
24%
Miami Flora
24%
Sydney Isaac
24%
Portland Joi
24%
Key West Jose
24%
San Francisco Judd
24%
Chicago Kyle
24%
Paris Leah
24%
Seattle Rebecca
24%
Paris Simon
24%
Los Angeles Aaron
23%
New York Becky
22%
Las Vegas Brynn
22%
New York Norman
22%
San Francisco Pam
22%
San Diego Priscilla
22%
Boston Kameelah
21%
Cancun Ayiiia
20%
Hawaii Colin
20%
Miami Cynthia
20%
Boston Jason
20%
Washington, D.C. Josh
20%
Philadelphia Karamo
20%
Denver Colie
19%
Boston Elka
19%
Washington, D.C. Erika
19%
Las Vegas Irulan
19%
London Jacinda
19%
London Jay
19%
Hawaii Justin
19%
Seattle Lindsay
19%
New Orleans McKenzie
19%
San Diego Randy
19%
Los Angeles Dominic
18%
Seattle Janet
18%
San Diego Charlie
17%
Las Vegas Arissa
16%
Hollywood Brittany
16%
Cancun Joey
16%
Back to New York Lori
16%
London Sharon
16%
Chicago Theo
16%
Los Angeles Glen
15%
Hawaii Kaia
15%
San Francisco Mohammed
15%
Philadelphia Shavonda
15%
Hollywood Brianna
14%
Chicago Keri
14%
Cancun Bronne
13%
London Lars
13%
London Neil
13%
Sydney Parisa
13%
Brooklyn Scott
13%
Sydney Trisha
13%
Brooklyn Baya
11%
New Orleans Sahar
11%
Hollywood Greg
10%
San Diego Jacquese
10%
Back to New York Malik
10%
Philadelphia Melanie
10%
Washington, D.C. Callie
7%
No matching quizzes found
Score Distribution
Percent of People with Each Score
Percentile by Number Answered
Your Score History
You have not taken this quiz